Geografía de américa y antártida /

Guardado en:
Autor Principal: Alemán, Elida Elba
Otros Autores: López Raffo, Alberto
Formato: Libro
Publicado: Buenos Aires : Itinerarium, 1982
Edición:12a. ed.
Materias:
Etiquetas: Agregar Etiqueta
Sin Etiquetas, Sea el primero en etiquetar este registro!
LEADER 00946nam a22002175a 4500
001 CEM.cems000423
005 20061109182154.0
008 130507s1982##################000#0#####d
003 CEMS
082 0 4 |a 918 
100 1 |a Alemán, Elida Elba 
245 1 0 |a Geografía de américa y antártida /  |c Elida Elba Alemán ; alberto López Raffo 
250 |a 12a. ed. 
260 |a Buenos Aires :  |b Itinerarium,  |c 1982 
300 |a 448 p. 
505 0 |a Estudio general de América -- Océanos y mares -- Hidrografía -- Población -- Industrias -- Antártida -- República Argentina -- Población -- Brasil -- Uruguay -- Paraguay -- Chile -- Bolivia -- Perú -- Ecuador -- Colombia -- Venezuela -- Guayanas -- Cuba -- México -- Estados Unidos -- Canadá 
653 |a Geografía 
653 |a Geografía de la antártida 
653 |a Geografía de américa 
700 1 |a López Raffo, Alberto 
859 |a CEMS  |b BIB. CEMS - 11 de abril  |h 918  |i AL25a12  |p 14304.86  |t Ej.1